<?xml version="1.0" encoding="UTF-8"?>
<record
    xmlns:xsi="http://www.w3.org/2001/XMLSchema-instance"
    xsi:schemaLocation="http://www.loc.gov/MARC21/slim http://www.loc.gov/standards/marcxml/schema/MARC21slim.xsd"
    xmlns="http://www.loc.gov/MARC21/slim">

  <leader>00331nam a22001217a 4500</leader>
  <controlfield tag="005">20260223150725.0</controlfield>
  <datafield tag="082" ind1=" " ind2=" ">
    <subfield code="a">639.2TRI/F</subfield>
  </datafield>
  <datafield tag="100" ind1=" " ind2=" ">
    <subfield code="a">Trivedi,Priyaranjan</subfield>
    <subfield code="9">10657</subfield>
  </datafield>
  <datafield tag="245" ind1=" " ind2=" ">
    <subfield code="a">Fisheries: Past,Present and Future/</subfield>
    <subfield code="c">by Priyaranjan trivedi</subfield>
  </datafield>
  <datafield tag="260" ind1=" " ind2=" ">
    <subfield code="a">.-Newdelhi</subfield>
    <subfield code="b">:Njanada Prakashan</subfield>
    <subfield code="c">,2023</subfield>
  </datafield>
  <datafield tag="300" ind1=" " ind2=" ">
    <subfield code="a">533p</subfield>
  </datafield>
  <datafield tag="942" ind1=" " ind2=" ">
    <subfield code="2">ddc</subfield>
    <subfield code="c">BK</subfield>
  </datafield>
  <datafield tag="999" ind1=" " ind2=" ">
    <subfield code="c">756744</subfield>
    <subfield code="d">756744</subfield>
  </datafield>
  <datafield tag="952" ind1=" " ind2=" ">
    <subfield code="0">0</subfield>
    <subfield code="1">0</subfield>
    <subfield code="2">ddc</subfield>
    <subfield code="4">0</subfield>
    <subfield code="7">0</subfield>
    <subfield code="a">AQU</subfield>
    <subfield code="b">AQU</subfield>
    <subfield code="c">REF</subfield>
    <subfield code="d">2026-02-02</subfield>
    <subfield code="e">SA/3</subfield>
    <subfield code="l">0</subfield>
    <subfield code="o">639.2TRI/F</subfield>
    <subfield code="p">AQU6607</subfield>
    <subfield code="r">2026-02-23 09:46:53</subfield>
    <subfield code="w">2026-02-23</subfield>
    <subfield code="y">BK</subfield>
  </datafield>
</record>
